000 00350nam a2200169Ia 4500
100 _aWanda Nash
650 _aPhilosophy
942 _cBK
366 _f25
654 _astress
245 _aAt Ease with Stress
260 _bBetter Yourself Books
_aBandra
_c2004
082 _a170/SAM
_bSAM
300 _a187
546 _aENGLISH
999 _c18766
_d18766